MDQL
is popping MORE tags! Check the
thread
!
Quizzes
Events
Quiz Creation
Community
Videos
Private Events
Remove Ads
Sign In
Join for FREE
Feedback
Dark Mode
Quiz Categories
Sports
Geography
Music
Movies
Television
Just For Fun
Miscellaneous
History
Literature
Language
Science
Gaming
Entertainment
Religion
Holiday
For Kids
Quiz Lab
Recent
Popular Today
Quiz Kudos Today
Editor Picks
Curator Picks
Quizzes by...
Day
Popularity
Type
Ratings
Length
Year
Community
Subscriptions
Recent Discussions
Orange Saloon
Badges
Playlists
Quests
Create
Leaderboards
Showdown
Live 5
Trivia Bingo
Activity
Puzzle Library
Sporcle Events
Private Events
Virtual Trivia
Globe League
Become a Host
Pub Owners
SporcleCon
Opinionation
Our Games
Videos
Blog
Mobile Apps
Partnerships
Remove Ads and Go Orange
Feedback
Sports
Athletes
MLB
NBA
NHL
NFL
Soccer
Sports Teams
WWE
NCAA
Football
Premier League
Basketball
Baseball
Hockey
Golf
Tennis
Cricket
Rugby
Auto Racing
Olympics
World Cup
Sports
Athletes
MLB
NBA
NHL
NFL
Soccer
Sports Teams
WWE
NCAA
Football
Premier League
Basketball
Baseball
Hockey
Golf
Tennis
Cricket
Rugby
Auto Racing
Olympics
World Cup
Random Quiz
Search Sporcle
×
Quiz Lab
Quiz Lab
Sports
NFL
Type in answers that appear in a list
Type in answers that appear in a list
Classic
Best Score? Go Orange.
Cincinnati Bengals 2nd round picks since 1994 Stats
Can you name the Cincinnati Bengals 2nd round picks since 1994?
By
username316
8m
23 Questions
465 Plays
465 Plays
465 Plays
Comments
Comments
Give Quiz Kudos
Give Quiz Kudos
-
- Ratings
hide this ad
Replay
Link that replays current quiz
Next Quiz
Link to next quiz in quiz playlist
You Got
0%
They Got
Avg Score
62%
Avg Friend Score
Upgrade to see
Score Distribution
Jump to the score distribution portion of the page
Score
0/23
Timer
08:00
0
Plays Today
Hint
Answer
% Correct
2011 (QB, TCU)
Andy Dalton
94.2%
2014 (RB, LSU)
Jeremy Hill
92.9%
2013 (RB, UNC)
Giovani Bernard
89.7%
2015 (OT, Oregon)
Jake Fisher
86%
2001 (WR, Oregon St)
Chad Johnson
84.9%
2010 (DE, Florida)
Carlos Dunlap
84.5%
2013 (DE, SMU)
Margus Hunt
82.2%
2006 (LT, LSU)
Andrew Whitworth
81.3%
2012 (DT, Penn St)
Devon Still
80%
2008 (WR, Coastal Carolina)
Jerome Simpson
74.8%
2009 (LB, USC)
Rey Maualuga
71.8%
1999 (CB, W Virginia)
Charles Fisher
69%
Hint
Answer
% Correct
2005 (LB, Georgia)
Odell Thurman
64.3%
1997 (RB, Washington)
Corey Dillon
58.9%
2007 (RB, Auburn)
Kenny Irons
56.8%
2003 (G, Iowa)
Eric Steinbach
45.6%
2004 (S, Maryland)
Madieu Williams
45.6%
1998 (CB, Cincinnati)
Artrell Hawkins
41.7%
1994 (WR, San Diego St)
Darnay Scott
40.6%
2004 (CB, Florida)
Keiwan Ratliff
31.4%
2002 (S, Washington St)
Lamont Thompson
20.4%
1996 (TE, Rutgers)
Marco Battaglia
19.1%
2000 (DB, LSU)
Mark Roman
12.3%
Quiz Playlist
Details
Report
Send in Message
Add To Playlist
Classic:
Type in answers that appear in a list
Last Updated: Feb 16, 2017
Quiz Scoreboard
CHALLENGE
Sign Up to Join the Scoreboard
Show All
Scores
Hide
Comments
May contain spoilers
Recently Published
Colored Red Africa Blitz
by spor1
Geography
30s
Find the 'City' Movie
by crazypaving
Movies
60s
5x2 Blitz: Bands
by SL_Kpop136
Music
30s
More to Explore
Quiz From the Vault
Featured Blog Post
14 Easter Pick-up Lines to Find Eggs With
hide this ad
You Might Also Like...
Tags
NFL Quiz
Cincinnati Bengals
Draft Picks
NFL Draft
Second Round
Today's Top Quizzes in Sports
Browse Sports
hide this ad
Today's Top Quizzes in NFL
Browse NFL
Top Contributed Quizzes in Sports
1
Players with Multiple 50 Home Run Seasons
2
Criteria MLB: Left Handed Sluggers
3
MLB Players with Two .350 Batting Average Seasons
4
Who Hit More Homers?
5
Premier League Clubs since 2000 (minefield)
6
Who Needs Fielders?
7
2020 F1 Drivers Logic Puzzle
8
Les entraîneurs de l'OM et du PSG au 21e siècle
9
Top 10 NHL Goal Scorers of All Time
10
MLB Hall of Famer by Rings
Explore More
Trending Topics
Crossword
Marvel
Harry Potter
Disney
NBA
Anime
Kpop
Song
Pokémon
The Office
NFL
WWE
Country
Puzzle
Soccer
hide this ad
More By:
username316
Quiz
Plays
Rating
Category
Featured
Created
Thomas the Train logic game
3,604
3.25
Just For Fun
Jun 16, 2016
2017 NFL Draft First Round Matchup
2,953
4.50
Sports
May 24, 2017
Cincinnati Bengals QB Logic Quiz
2,371
3.25
Sports
Jun 20, 2016
Cincinnati Bengals Second Round Running Backs
2,072
5.00
Sports
May 15, 2017
Match Up: # of Cincinnati Bengals Draft Picks & College
2,021
2.00
Sports
Apr 20, 2016
Go to Creator's Profile
Score Distribution
Quiz Creator Spotlight
username316
Follow
Send a Message
Quizzes Created
-
Created Quiz Play Count
-
More By This Creator
Popular Quizzes Today
1
Find the 'City' Movie
2
5x2 Blitz: Bands
3
Colored Red Africa Blitz
4
Find the US States - No Outlines Minefield
5
The Countries of the World
6
Find the US States
7
9x9 Crossword: Cartoon Network
8
US States
More Sports Quizzes
MLB Most 20-Win Seasons
Published
Trending Quizzes
Colored Red Europe Blitz I
Colored Red Africa Blitz II
Colored Red Europe Blitz III
Colored Red Europe Blitz II
Colored Red Africa Blitz III
Recently Updated
Champions League XIs: Real Madrid
pecheneg
Largest US Cities 1790-2010
pecheneg
Rides in Walt Disney World
pecheneg
Most Oscar Losses (Acting)
pecheneg
Beyoncé Albums
pecheneg
Leaping Animals
pecheneg
Reality TV Shows (A-Z)
bhenderson79
Rickey Henderson's Hall of Fame Teammates
pecheneg
Champions League XIs: Arsenal
pecheneg
Quick Pick: Celebrities in WWE's Hall of Fame
aduchscher
Trending Topics
Kpop
Disney
Crossword
Marvel
Harry Potter
Anime
NBA
Pokémon
WWE
Puzzle
The Office
Country
Song
Soccer
NFL
Your Account Isn't Verified!
In order to create a playlist on Sporcle, you need to verify the email address you used during registration. Go to your
Sporcle Settings
to finish the process.
Report this User
Report this user for behavior that violates our
Community Guidelines
.
Details:
Send Report
Go to the Sporcle.com Mobile Site →
Comments